000 01250nam2a22002531 4500
001 RU\NLR\INFOCOMM10\1000197789
005 20250617044630.0
035 _a(NLR Aleph) 002459148
090 _a2235792
_c2235792
100 _a20040316d1971 |||y0rusy50 ca
101 0 _arus
102 _aRU
105 _ay |||||||||
200 1 _aЧередования гласных с нулем в словообразовании
_fД.С. Уорт
210 _d1971
_aБ. м.
461 0 _1001RU\NLR\INFOCOMM10\1000197771
_12001#$aПредварительные публикации$fИн-т русского языка АН СССР. Проблемная группа по экспедиции и прикладной лингвистике$vВып.18
_92235630
_aИнститут русского языка (Москва)
_cМ.
_d1970-
_fИн-т русского языка АН СССР. Проблемная группа по экспедиции и прикладной лингвистике
_tПредварительные публикации
_vВып.18
700 1 _aУорт
_bД.С.
_4070
801 1 _aRU
_bInfoComm
_c20040316
801 0 _aRU
_bNLR
_gPSBO
852 _aNLR
_jП34/521
942 _cISSUE
980 _aNB
980 _aRUSPER